00697nam a2200217 a 4500003000700000005001700007008004100024020001500065020001800080040002500098050001500123100002900138245007900167260005100246300003500297336002800332337003000360338002700390650003900417650002300456CBULib20260511142023.0120416s2000 ||||||||||||||||| || u a052166649X a9780521666497 bEnglishcCBULiberda aQD 461 Gil aGil, Victor M. S., 1939-10aOrbitals in chemistry : a modern guide for studentsc/ by Victor M. S. Gil aCambridge :bCambridge University Press,c2000 axii, 314 pages : illustrations 2rdacontentaText |btxt 2rdamediaaUnmediated |bn 2rdacarrieraVolumebnc 0aCHEMISTRY--HANDBOOKS, MANUALS, ETC 0aMOLECULAR ORBITALS